Caligula's Horse - Salt (lyrics) - Statistics

General Stats
  • This quiz has been taken 2 times
  • The average score is 199 of 392
Answer Stats
Lyrics % Correct
a
100%
and
100%
And
100%
I
100%
More
100%
more
100%
salt
100%
the
100%
to
100%
All
50%
always
50%
are
50%
arms
50%
at
50%
be
50%
bring
50%
Bring
50%
but
50%
But
50%
by
50%
call
50%
Call
50%
can
50%
candle
50%
can't
50%
'Cause
50%
cold
50%
could
50%
damage
50%
done
50%
every
50%
for
50%
gentle?
50%
God
50%
Growing
50%
hands
50%
hangs
50%
have
50%
head
50%
help
50%
Her
50%
her
50%
here
50%
hold
50%
hopeful
50%
in
50%
into
50%
it
50%
It
50%
it's
50%
know
50%
least
50%
Let
50%
let
50%
like
50%
louder
50%
make
50%
mantra
50%
me
50%
mine
50%
morning
50%
my
50%
My
50%
need
50%
night
50%
of
50%
one
50%
only
50%
out
50%
overcome
50%
promise
50%
redemption
50%
scars
50%
shadows
50%
silence
50%
sing
50%
sleep
50%
So
50%
sorrow
50%
stand
50%
Stand
50%
sum
50%
swear
50%
talk
50%
than
50%
that
50%
them
50%
there
50%
these
50%
this
50%
This
50%
tomorrow
50%
under
50%
walk
50%
warning
50%
was
50%
Was
50%
With
50%
word
50%
would
50%
yet
50%
you
50%
You
50%
You're
50%
alone
0%
as
0%
ask
0%
bear
0%
beautiful
0%
been
0%
before
0%
blind
0%
blur
0%
body
0%
bones
0%
breath
0%
burning
0%
certain
0%
courage
0%
craved
0%
curtain
0%
dawn
0%
dead
0%
edges
0%
end
0%
fault
0%
felt
0%
find
0%
fool
0%
fragile
0%
Give
0%
give
0%
harm
0%
hopeless
0%
house
0%
If
0%
I'll
0%
I'm
0%
keep
0%
lens
0%
Light
0%
meet
0%
own
0%
revolution
0%
rid
0%
rope's
0%
run
0%
sight
0%
sins
0%
siren
0%
softness
0%
something
0%
Square
0%
start
0%
thing
0%
vessel
0%
waiting
0%
waves
0%
weight
0%
weightless
0%
whisper
0%
words
0%
No matching quizzes found
Score Distribution
Percent of People with Each Score
Percentile by Number Answered
Your Score History
You have not taken this quiz